Statystyki dla NAJWIĘKSZE WYSPY ŚWIATA

Kliknij tutaj aby rozwiązać quiz!

Ogólne statystyki

  • Ten quiz został rozwiązany 42 razy
  • Średni wynik to 4 z 7

Statystyki odpowiedzi

wyspakraj% Poprawnych
GrenlandiaDania
95%
MadagaskarMadagaskar
93%
BorneoIndonejza / Malezja / Brunei
61%
HonsiuJaponia
56%
Nowa GwineaIndonezja / PNG
49%
SumatraIndonezja
44%
Ziemia BaffinaKanada
27%

Rozkład punktacji

Percentyl według liczby udzielonych odpowiedzi

Procent ludzi z każdym wynikiem

Twoja historia wyników

Nie rozwiązałeś tego quizu